Statistics for Famous Women - Picture Quiz

Click here to take the quiz!

General Stats

  • This quiz has been taken 281 times
  • The average score is 7 of 12

Answer Stats

Answer% Correct
Princess Diana
97%
Oprah Winfrey
87%
Angela Merkel
78%
Joan of Arc
77%
Rosa Parks
71%
Marie Curie
62%
Shirley Temple
60%
Eleanor Roosevelt
57%
Malala Yousafzai
51%
Florence Nightingale
50%
Jane Goodall
32%
Christine Lagarde
17%

Score Distribution

Percentile by Number Answered

Percent of People with Each Score

Your Score History

You have not taken this quiz